LEADER 00743nam0-22002891i-450- 001 990006483870403321 005 20001010 035 $a000648387 035 $aFED01000648387 035 $a(Aleph)000648387FED01 035 $a000648387 100 $a20001010d--------km-y0itay50------ba 101 0 $aita 105 $ay-------001yy 200 1 $aBritain and Africa$fKenneth Kirkwood 210 $aLondon$cChatto & Windus$d1965. 215 $a235 p.$d22 cm 676 $a327.4106 700 1$aKirkwood,$bKenneth$0242711 801 0$aIT$bUNINA$gRICA$2UNIMARC 901 $aBK 912 $a990006483870403321 952 $aXIV E 274$b4758$fFSPBC 959 $aFSPBC 996 $aBritain and Africa$9652844 997 $aUNINA DB $aGEN01 LEADER 01414nam 2200373 450 001 9910716923703321 005 20211122105149.0 035 $a(CKB)5470000002526962 035 $a(OCoLC)1285954264 035 $a(EXLCZ)995470000002526962 100 $a20211122d2014 ua 0 101 0 $aeng 135 $aur||||||||||| 181 $ctxt$2rdacontent 182 $cc$2rdamedia 183 $acr$2rdacarrier 200 10$aTaiwan and China agree to enhance communication, but cross-strait economic agreements face uncertainty /$fMatthew Southerland 210 1$a[Washington, D.C.] :$cU.S.-China Economic and Security Review Commission,$d2014. 215 $a1 online resource (8 pages) 225 1 $aU.S.-China Economic and Security Review Commission staff report 300 $a"April 29, 2014." 320 $aIncludes bibliographical references. 607 $aChina$xForeign economic relations$zTaiwan 607 $aTaiwan$xForeign economic relations$zChina 607 $aChina$xForeign relations$zTaiwan 607 $aTaiwan$xForeign relations$zChina 700 $aSoutherland$b Matthew$01395399 712 02$aU.S.-China Economic and Security Review Commission, 801 0$bGPO 801 1$bGPO 906 $aBOOK 912 $a9910716923703321 996 $aTaiwan and China agree to enhance communication, but cross-strait economic agreements face uncertainty$93454243 997 $aUNINA LEADER 01812oam 2200481 450 001 9910149536503321 005 20190911103515.0 010 $a1-4824-5975-2 035 $a(OCoLC)962391504 035 $a(MiFhGG)GVRL05DV 035 $a(EXLCZ)993710000000934004 100 $a20170613h20172017 uy 0 101 0 $aeng 135 $aurun|---uuuua 181 $ctxt$2rdacontent 182 $cc$2rdamedia 183 $acr$2rdacarrier 200 10$aIn space /$fLouise and Richard Spilsbury 205 $a1st ed. 210 1$aNew York :$cGareth Stevens Publishing,$d2017. 210 4$d?2017 215 $a1 online resource (48 pages) $ccolor illustrations 225 1 $aScience on Patrol 300 $aIncludes index. 311 $a1-4824-5974-4 327 $ach. 1. Working in space -- ch. 2. Why study space? -- ch. 3. Lab life -- ch. 4. Out and about -- ch. 5. Cutting-edge technology -- ch. 6. Amazing discoveries. 330 $aThis book covers the solar system and other planets, Earth's atmosphere, and life on the International Space Station. Readers are introduced to the many careers in space science, including details on what astronauts actually do. Photographs illustrate the discoveries scientists have made in space and the latest tools expected to make more discoveries in the future. 410 0$aScience on Patrol 606 $aSpace colonies 606 $aAstronautics 606 $aOuter space$xExploration 615 0$aSpace colonies. 615 0$aAstronautics. 615 0$aOuter space$xExploration. 676 $a629.4 700 $aSpilsbury$b Richard$0771073 702 $aSpilsbury$b Richard$f1963- 801 0$bMiFhGG 801 1$bMiFhGG 906 $aBOOK 912 $a9910149536503321 996 $aIn space$93872112 997 $aUNINA